书目信息 |
| 题名: |
城市道路照明设计
|
|
| 作者: | 李铁楠 编著 | |
| 分册: | ||
| 出版信息: | 北京 机械工业出版社 2007.01 |
|
| 页数: | 185页 | |
| 开本: | 26cm | |
| 丛书名: | ||
| 单 册: | ||
| 中图分类: | TU113.6 | |
| 科图分类: | ||
| 主题词: | 城市道路--照明设计 | |
| 电子资源: | ||
| ISBN: | 7-111-20221-X | |
| 000 | 00923 nam 000253 | |
| 001 | 0100000170 | |
| 005 | 20070702090108.98 | |
| 010 | @a7-111-20221-X@dCNY28.00 | |
| 100 | @a20070613d2007 ekmy0chiy50 ea | |
| 101 | 0 | @achi |
| 102 | @aCN@b110000 | |
| 105 | @aak z 000yy | |
| 200 | 1 | @a城市道路照明设计@Acheng shi dao lu zhao ming she ji@f李铁楠编著@Fli tie nan bian zhu |
| 210 | @a北京@c机械工业出版社@d2007.01 | |
| 215 | @a185页@c图@d26cm | |
| 330 | @a本书系统介绍了城市道路照明原理、设计、标准等有关内容。包括机动车道路照明、人行道路照明及与道路相关场所照明的质量评价、照明光源和灯具、设计标准、照明方式、照明计算、照明测量等,同时还对国外的有关标准和技术文件进行了介绍。 | |
| 540 | 1 | @a城市道路照明设计 |
| 606 | 0 | @a城市道路@x照明设计 |
| 690 | @aTU113.6@V4 | |
| 701 | 0 | @a李铁楠@Ali tie nan@4编著 |
| 801 | 0 | @aCN@bYXSD@c20070702 |
| 901 | @a1000 | |
| 905 | @aBZT@dTU113.6@e1@f6 | |
| 906 | @dCNY28.00@n0@r1 | |
| 城市道路照明设计/李铁楠编著.-北京:机械工业出版社,2007.01 |
| 185页:图;26cm |
| ISBN 7-111-20221-X:CNY28.00 |
| 本书系统介绍了城市道路照明原理、设计、标准等有关内容。包括机动车道路照明、人行道路照明及与道路相关场所照明的质量评价、照明光源和灯具、设计标准、照明方式、照明计算、照明测量等,同时还对国外的有关标准和技术文件进行了介绍。 |
| ● |
| 相关链接 |
|
|
|
正题名:城市道路照明设计
索取号:TU113.6/1
 
预约/预借
| 序号 | 登录号 | 条形码 | 馆藏地/架位号 | 状态 | 备注 |
| 1 | 0568531 | 230190194 | 样本书库/样007架A面5层2列/ [索取号:TU113.6/1] | 在馆 | |
| 2 | 0568532 | 230190193 | 中心书库中库/ 中库023架B面6列5层1/ [索取号:TU113.6/1] | 在馆 | |
| 3 | 0568533 | 230190192 | 中心书库中库/ 中库023架B面6列5层2/ [索取号:TU113.6/1] | 在馆 | |
| 4 | 0568534 | 230190190 | 中心书库中库/ 中库023架B面6列5层3/ [索取号:TU113.6/1] | 在馆 | |
| 5 | 0568535 | 230190191 | 中心书库中库/ 中库023架A面6列4层5/ [索取号:TU113.6/1] | 在馆 | |
| 6 | 0568536 | 230190189 | 中心书库中库/ 中库023架B面6列5层4/ [索取号:TU113.6/1] | 在馆 |